Т. 51, № 1; Биофизика

Dettagli Bibliografici
Parent link:Биофизика: научно-технический журнал/ Российская академия наук (РАН). Т. 51, № 1.— , 1963-.— 0006-3029
Lingua:russo
Pubblicazione: 2006
Natura: MixedMaterials Libro
KOHA link:https://koha.lib.tpu.ru/cgi-bin/koha/opac-detail.pl?biblionumber=399860

MARC

LEADER 00000nam2a2200000 4500
001 399860
005 20231101065309.0
035 |a (RuTPU)RU\TPU\prd\41609 
090 |a 399860 
100 |a 20060227a19639999k y0rusy50 ca 
101 0 |a rus 
102 |a RU 
200 0 |a Т. 51, № 1 
210 |d 2006 
461 1 |0 (RuTPU)RU\TPU\prd\1376  |x 0006-3029  |t Биофизика  |o научно-технический журнал  |f Российская академия наук (РАН)  |v Т. 51, № 1  |d 1963- 
801 0 |a RU  |b 63413507  |c 20010227  |g PSBO 
801 1 |a RU  |b 63413507  |c 20060227  |g PSBO 
801 2 |a RU  |b 63413507  |c 20201217  |g PSBO 
942 |c BK 
999 |a НТБ_ТПУ  |b НФ  |e -1/20060110  |p П-6983  |s 6/20050912  |u 755,22  |v 1